000 00682nam a2200169 a 4500
008 120416s0000 ||||||||||||||||| || u
020 _a0340600330
050 _aTA 403 Hig
100 _aHiggins, Raymond A
245 1 4 _aThe properties of engineering materials
250 _a2nd ed.
260 _aLondon
_bEdward Arnold
_c1994
300 _aviii, 495p. : ill.
350 _a0.00
995 _aBINDERY (DAMAGED)
_D0.00
_e726967
_FCBU-MAIN LIBRARY (Kitwe)
_H2
_I18.95
_jTA 403 Hig
_M1
_UDAMAGED
_y000146
_ZMain Library Open Access Collection
995 _aBINDERY (DAMAGED)
_D0.00
_e733837
_FCBU-MAIN LIBRARY (Kitwe)
_H1
_I18.95
_jTA 403 Hig
_M2
_UDAMAGED
_y46094
_ZMain Library Open Access Collection
999 _c77099
_d77099